Farmacología y terapéutica musculares (Record no. 127517)

MARC details
000 -LEADER
campo de control de longitud fija 00796nam a2200229 4500
001 - NÚMERO DE CONTROL
campo de control 127517
003 - IDENTIFICADOR DE NÚMERO DE CONTROL
campo de control ES-MaACL
005 - FECHA Y HORA DE LA ÚLTIMA TRANSACCIÓN
campo de control 20230906193028.0
007 - CAMPO FIJO DE DESCRIPCIÓN FÍSICA--INFORMACIÓN GENERAL
campo de control de longitud fija t|
008 - DATOS DE LONGITUD FIJA--INFORMACIÓN GENERAL
campo de control de longitud fija 070214s1951 sp r ||||1| spa d
100 1# - ENTRADA PRINCIPAL--NOMBRE DE PERSONA
Nombre de persona Riesser, Otto.
9 (RLIN) 97163
245 10 - MENCIÓN DEL TÍTULO
Título Farmacología y terapéutica musculares
Resto del título : tratamiento de las enfermedades de los músculos /
Mención de responsabilidad, etc. Otto Riesser ; prólogo de T. Gordonoff ; versión española de Juan Díez Vázquez.
250 ## - MENCION DE EDICION
Mención de edición 1ª. ed.
260 ## - PUBLICACIÓN, DISTRIBUCIÓN, ETC.
Lugar de publicación, distribución, etc. Madrid :
Nombre del editor, distribuidor, etc. Morata,
Fecha de publicación, distribución, etc. 1951.
300 ## - DESCRIPCIÓN FÍSICA
Extensión 287 p. :
Otras características físicas il. ;
Dimensiones 22 cm.
490 1# - MENCIÓN DE SERIE
Mención de serie Tratado de terapéutica ;
Designación de volumen o secuencia 6
700 1# - ENTRADA AGREGADA--NOMBRE PERSONAL
Nombre de persona Gordonoff, T.
9 (RLIN) 59171
700 1# - ENTRADA AGREGADA--NOMBRE PERSONAL
Nombre de persona Díez Vázquez, Juan.
9 (RLIN) 44779
830 0# - PUNTO DE ACCESO ADICIONAL DE SERIE-TÍTULO UNIFORME
Título uniforme Tratado de terapéutica ;
Designación de volumen o secuencia 6
9 (RLIN) 186697
852 ## - LOCALIZACIÓN
Ubicación ES-MaACL
Número de control de estantería D-5342
Sublocalización o colección R.31599
Holdings
Estatus retirado Estado de pérdida Estado de daño No para préstamo Biblioteca de origen Biblioteca actual Ubicación en estantería Fecha de adquisición Fuente de adquisición Total de préstamos Signatura topográfica completa Código de barras Visto por última vez Precio de reemplazo Tipo de ítem Koha
        Biblioteca del Ateneo de Madrid Biblioteca del Ateneo de Madrid Sala Valle Inclán 17/01/2008     D-5342 901132816 23/02/2023 23/02/2023 Libro impreso